LEADER 02027nam0 2200481 i 450 001 RAV1264553 005 20251003044330.0 010 $a8806171755 020 $aIT$b2005-3447 100 $a20161220d2004 ||||0itac50 ba 101 | $aita 102 $ait 181 1$6z01$ai $bxxxe 182 1$6z01$an 183 1$6z01$anc$2RDAcarrier 200 1 $aResponsabilità e giudizio$fHannah Arendt$ga cura di Jerome Kohn 210 $aTorino$cEinaudi$d[2004] 215 $aXXX, 238 p.$d21 cm 225 | $aBiblioteca Einaudi$v198 300 $aTrad. di Davide Tarizzo. 410 0$1001VEA0092042$12001 $aBiblioteca Einaudi$v198 500 10$aResponsibility and judgment.$3RAV1264574$9CFIV023563$914899 606 $aPolitica e morale$2FIR$3CFIC000914$9I 676 $a172$9ETICA POLITICA$v19 676 $a172$9ETICA POLITICA$v20 676 $a172$9ETICA POLITICA$v21 676 $a172$9ETICA POLITICA$v23 676 $a193$9Filosofia occidentale moderna. Germania e Austria$v14 696 $aPolitica$aMorale 699 $aPolitica e morale$xPolitica$xMorale 700 1$aArendt$b, Hannah$3CFIV023563$4070$038902 702 1$aKohn$b, Jerome$3TO0V181647 790 1$aArendt$b, Hanna$3SBNV017184$zArendt, Hannah 801 3$aIT$bIT-000000$c20161220 850 $aIT-BN0095 $aIT-NA0079 $aIT-NA0022 901 $bNAP CI$cBIBLIOTECA$n$ 901 $bNAP BN$cMAGAZZINO $nmagazzini correnti divisi per anni 901 $bNAP 01$cPOZZO LIB.$nVi sono collocati fondi di economia, periodici di ingegneria e scienze, periodici di economia e statistica e altri fondi comprendenti documenti di economia pervenuti in dono. 912 $aRAV1264553 950 0$aBiblioteca Centralizzata di Ateneo$c1 v.$d 01POZZO LIB.ECON MON 4986$e 01C 0800197485E VMA 1 v. (Precedente collocazione: EC C 19 748)$fB $h20130301$i20130301 977 $a 01$a BN$a CI 996 $aResponsibility and judgment$914899 997 $aUNISANNIO